Statistics for Landmark to Country

Click here to take the quiz!

General Stats

  • This quiz has been taken 9 times
  • The average score is 6 of 16

Answer Stats

Answer% Correct
Indonesia
75%
Chile
63%
Bulgaria
50%
Malaysia
50%
New Zealand
50%
Portugal
50%
South Korea
50%
Ethiopia
38%
Mongolia
38%
Sri Lanka
38%
Belize
25%
East Timor
25%
North Macedonia
25%
Uzbekistan
25%
Ghana
13%
Tanzania
13%

Score Distribution

Percentile by Number Answered

Percent of People with Each Score

Your Score History

You have not taken this quiz